Nicki Minaj Songs - Sudden Death - Statistics

General Stats
  • This quiz has been taken 697 times
  • The average score is 10 of 20
Answers on the Grid
Answers color-coded by a green-red scale on the quiz's grid according to % correct below.
Anaconda
Barbie Tingz
Beez in the Trap
Bodak Yellow
Captain Hook
Chun Swae
Curious George
Disturbia
Doo-Wop
Fast Lane
Ganja Burn
Good Form
Grand Piano
Hard White
Hood Rats
Hot Girl
I Am
In Ha Mood
Itty Bitty Piggy
MEGATRON
Outta Town Freestyle
Pills N Potions
Playtime Is Over
Pound the Alarm
Red Ruby Da Sleeze
Roman in Paris
Said Sum
Seeing Pink
Shanghai
Silent Hill
Streets
Super Bass
The Night Is Still Young
Tia Tamera
Va Va Voom
Yikes
 
Answer Stats
Answer % Correct
Anaconda
96%
Beez in the Trap
73%
Barbie Tingz
71%
Super Bass
64%
Pills N Potions
57%
Pound the Alarm
54%
Good Form
52%
The Night Is Still Young
52%
MEGATRON
51%
Red Ruby Da Sleeze
50%
Chun Swae
49%
Va Va Voom
49%
Ganja Burn
44%
Itty Bitty Piggy
44%
Grand Piano
40%
Hard White
31%
Yikes
30%
Shanghai
29%
Playtime Is Over
19%
Curious George
10%
No matching quizzes found
Score Distribution
Percent of People with Each Score
Percentile by Number Answered
Your Score History
You have not taken this quiz